000 00350nam a2200133Ia 4500
008 231129s9999||||xx |||||||||||||| ||spa||
020 _a84-8280-982-2
040 _bspa
082 _aI823 D314an
100 _aDefoe Daniel
245 0 _aDiario del ano de la peste
264 _aLa Oveja Negra
942 _2ddc
_cBKS
999 _c9222
_d9222